| 000 | 00849cam a22002411 4500 | ||
|---|---|---|---|
| 001 | sa 67004282 | ||
| 003 | DLC | ||
| 005 | 20260227112345.0 | ||
| 008 | 860305s1966 pk abch b 000 0 eng | ||
| 010 | _asa 67004282 | ||
| 025 | _aPL480:EP-E-335 | ||
| 035 | _a(OCoLC)13241780 | ||
| 040 |
_aDLC _cCLU _dDLC |
||
| 042 | _apremarc | ||
| 050 | 0 | 0 |
_aDS486.D155 _bH3 |
| 082 | _a915.49/22 | ||
| 100 | 1 |
_aHaider, Azimusshan. _ecomp. |
|
| 245 | 1 | 2 | _aA city and its civic body: a description of facts and events spotlighting certain aspects of life in and around Dacca during the last hundred years, and an account of the evolution of Dacca Municipality. |
| 260 |
_a[Dacca, _bDacca Municipality, _c1966] |
||
| 300 |
_ax, 136 p. _billus., facsims., maps, ports. _c24 x 30 cm. |
||
| 504 | _aBibliography: p. 134-136. | ||
| 651 | 0 | _aDacca (Pakistan : City) | |
| 999 |
_c74359 _d74359 |
||